| 000 | 00923nam a22002177a 4500 | ||
|---|---|---|---|
| 999 |
_c12109 _d12109 |
||
| 003 | AR-CdUCM | ||
| 008 | 190405b ||||| |||| 00| 0 spa d | ||
| 040 |
_aMUNICIPALIDAD PROVINCIAL DEL CUSCO _cBIBLIOTECA MUNICIPAL DEL CUSCO |
||
| 082 |
_a349.85 / _bE74 / 1925 |
||
| 100 |
_aEscobar Gamarra, Julio _929793 |
||
| 245 | _aLa condición civil del indio / | ||
| 260 |
_aLima : _bImpr. Artística, _c1925. |
||
| 300 |
_a54 paginas ; _c21 cm. |
||
| 505 | _aContenido : El indio a través de la historia del Perú -- Caracteres del indígena peruano -- El indígena y la legislación civil vigente. La persona indígena -- El indígena y los contratos -- La propiedad del indígena. Sus clases / | ||
| 650 |
_aIndígenas del Perú _95715 |
||
| 650 |
_aLegislación _92962 |
||
| 650 |
_aDerecho del trabajo _95298 |
||
| 710 |
_aUniversidad Nacional Mayor de San Marcos (Lima) _99962 |
||
| 942 |
_2ddc _cLIBROS |
||
| 945 | _arjall | ||